Hobbs (VO) v Madden (Record no. 8693)

MARC details
000 -LEADER
fixed length control field 01601cab a2200253 4500
001 - CONTROL NUMBER
control field ABS51165
008 - FIXED-LENGTH DATA ELEMENTS--GENERAL INFORMATION
fixed length control field 090401t1994 xxu||||| |||| 00| 0 eng d
035 ## - SYSTEM CONTROL NUMBER
System control number (Sirsi) u13492
041 ## - LANGUAGE CODE
Language code of text/sound track or separate title eng
245 ## - TITLE STATEMENT
Title Hobbs (VO) v Madden
260 ## - PUBLICATION, DISTRIBUTION, ETC.
Date of publication, distribution, etc. 1994
350 ## - PRICE (NR) (BK AM CF MU VM SE) [OBSOLETE]
Price 0
490 ## - SERIES STATEMENT
Series statement Rating Appeals
Volume/sequential designation 1994 RA 79-90(12)
520 ## - SUMMARY, ETC.
Summary, etc. LT 21 March 1994. An appeal by the VO against a decision of a valuation tribunal deleting the assessment of a flower stall from the rating list. At issue were 1) Whether the flower stall was a hereditament for rating purposes, and if so, 2) whether it was in rateable occupation. The stallholder traded in a covered mall for a period of time under various tenancy agreements. The stall was in three parts, one of which was fixed to a car park wall which formed part of the shopping centre, the stall being left in position each night without being dismantled or moved, although the stock was taken off and stored elsewhere. The VO contested that the stall was a hereditament for rating purposes as there was a sufficient degree of attachment and permanence, and referred to two other flower stalls where rateability and values had been agreed. The stallholder argued that occupation was too precarious to be rateable; the stall was essentially a ground or pitch on which a stall could be erected or
650 ## - SUBJECT ADDED ENTRY--TOPICAL TERM
Topical term or geographic name entry element BENEFICIAL OCCUPATION
650 ## - SUBJECT ADDED ENTRY--TOPICAL TERM
Topical term or geographic name entry element FLOWER STALL
650 ## - SUBJECT ADDED ENTRY--TOPICAL TERM
Topical term or geographic name entry element RATEABLE OCCUPATION
650 ## - SUBJECT ADDED ENTRY--TOPICAL TERM
Topical term or geographic name entry element RATING APPEALS
650 ## - SUBJECT ADDED ENTRY--TOPICAL TERM
Topical term or geographic name entry element SHOPPING MALL
650 ## - SUBJECT ADDED ENTRY--TOPICAL TERM
Topical term or geographic name entry element STALLHOLDER
690 ## - LOCAL SUBJECT ADDED ENTRY--TOPICAL TERM (OCLC, RLIN)
Topical term or geographic name as entry element RATING AND VALUATION-CASE LAW
942 ## - ADDED ENTRY ELEMENTS (KOHA)
Suppress in OPAC 0
948 ## - LOCAL PROCESSING INFORMATION (OCLC); SERIES PART DESIGNATOR (RLIN)
c (OCLC) 04/03/1997
Holdings
Withdrawn status Lost status Source of classification or shelving scheme Damaged status Not for loan Home library Current library Shelving location Date acquired Total Checkouts Full call number Barcode Date last seen Copy number Price effective from Koha item type
    Dewey Decimal Classification     London London Journal article 14/09/1999   ABS51165 13492-1001 06/08/2019 1 06/08/2019 Law report